000 00631nab a2200205 a 4500
005 20210223131206.0
008 991125s1985 mx 000 0 spa u
035 _aUPN01000174098
100 1 _aBenítez Esquivel, Nancy Virginia
_942403
222 _aCAMINOS ABIERTOS :
222 _bREVISTA PEDAGOGICA
245 _aUn callejón sin salida para la educación ambiental : educación superior e investigación
260 _aMéxico
300 _a16-20
362 0 _a2009 Año 18, no. 177, jul.-sept.
653 0 _aEDUCADOR AMBIENTAL
653 0 _aFORMACION DOCENTE
653 0 _aEDUCACION AMBIENTAL
905 _aArticulo
999 _c146202
_d146202